000 00486nam a22001817a 4500
005 20260515115046.0
008 250224b |||||||| |||| 00| 0 eng d
020 _a9788127240189
040 _aIN-DiNC
_cIN-DiNC
041 _deng
082 _a320.3
_bGHA
100 _aGhai, K K
_eauthor
245 _aComparative government/
_cby K K Ghai
260 _aLudhiana:
_bKalyani publishers,
_c2007.
300 _a364p.
650 _aStructure and process of government
942 _2ddc
_cBK
999 _c12025
_d12025